000 00333nam a22001337a 4500
008 170619b xxu||||| |||| 00| 0 eng d
020 _a0801833973
041 _aeng
080 _a32
100 _a20
101 _aSHP
245 _aPARTNERS IN CONFLICT THE UNITED STATES AND LATIN AMERICA
_cLOWENTHAL.H.F
942 _2udc
_cBK
999 _c18026
_d18026